| 000 | 00750nam a2200241 4500 | ||
|---|---|---|---|
| 001 | sa 68015935 | ||
| 003 | DLC | ||
| 005 | 20260227112650.0 | ||
| 008 | 700706r1966 ii c b 00000 eng | ||
| 010 | _asa 68015935 | ||
| 025 | _aPL480:I-E-10537 | ||
| 050 | 0 |
_aLA1151 _b.L3 1966 |
|
| 082 | _a370/.954 | ||
| 100 | 0 | 0 |
_aLajpat Rai, _cLala, _d1865-1928. |
| 245 | 1 |
_aThe problem of national education in India. _cForeword by Zakir Husain. |
|
| 250 | _a[1st Indian ed. | ||
| 260 | 0 |
_aDelhi] _bPublications Division, Ministry of Information and Broadcasting, Govt. of India _c[1966] |
|
| 300 |
_aiv, 122 p. _bport. _c25 cm. |
||
| 350 | _a6.00 | ||
| 504 | _aBibliography: p. 117-122. | ||
| 650 | 0 |
_aEducation _zIndia. |
|
| 650 | 0 |
_aNationalism _zIndia. |
|
| 999 |
_c86810 _d86810 |
||